| 000 | 01824nam a22002537a 4500 | ||
|---|---|---|---|
| 999 |
_c63279 _d63279 |
||
| 003 | Ge_BSU | ||
| 005 | 20250717141345.0 | ||
| 008 | 250717s2009 ge ||||| |||| 00| 0 geo d | ||
| 020 | _a9789941128677 | ||
| 041 | _ageo | ||
| 080 | _a339.923 338(479.22) 332(479.22) მ-27 | ||
| 100 |
_aმანველიძე, ირაკლი. _92014 |
||
| 245 |
_aტრანსნაციონალური კომპანიები ამიერკავკასიის ქვეყნების ეკონომიკასა და პოლიტიკაში : პრობლემები, ტენდენციები, პერსპექტივები / _cირაკლი მანველიძე ; [პროექტის რედ. რეზო მანველიძე ; სამეცნ. რედ. თეიმურაზ შენგელია] |
||
| 264 |
_aთბილისი : _bუნივერსალი, _c2009. |
||
| 300 |
_a276 გვ. : _bცხრ. ; _c 20 სმ. |
||
| 504 | _aბიბლიოგრ. ტექსტ. შენიშვნ. | ||
| 520 | _aრეზ. რუს. და ინგლ. | ||
| 653 | _aტრანსნაციონალური კომპანიები. | ||
| 653 | _aამიერკავკასიის ეკონომიკა | ||
| 653 | _aამიერკავკასიის პოლიტიკა. | ||
| 700 |
_aმანველიძე, რეზო _eდა სხვ. _91497 |
||
| 710 |
_aშოთა რუსთაველის სახელმწ. უნ-ტის სოც. მეცნ. ბიზნ. და სამართალმც. ფაკ. სოც. მეცნ. დეპარტამენტი. _925670 |
||
| 942 |
_2udc _cᲬᲘᲒᲜᲘ |
||